00784nam a2200313Ia 4500008004100000020001800041050001400059100002000073245002500093245002300118250001900141260001900160260003000179260000900209300001600218300002000234300001000254440001900264440000600283650001700289650003200306650003200338650002100370650003200391650001300423650001100436700001200447700001100459181129s9999 xx 000 0 und d a9780062249395 bL614 2013 aLerangis, Peter 4aThe Colossus rises / 0cby Peter Lerangis. aFirst edition. aNew York, NY : bHarperCollins Publishers, c2013 a348 pages : billustrations ; c21cm. aSeven wonders, v1 aAbilities -- aAdventure and adventures -- aAtlantis (Legendary place). aScience fiction. aSeven wonders of the world. xFiction. xMagic. aSeries. aTitle.